000 00469pab a2200157 454500
008 180718b2011 xxu||||| |||| 00| 0 eng d
100 _aUppal, Rachit
245 _aEmployee engagement: Role of emotional intelligence in aligning personal aspirations to organizational goals
260 _c2011
300 _ap.50-59.
362 _aApr-Jun
650 _aEmotional development
773 _aIndian Journal of Training and Development
908 _aN
909 _a93632
999 _c93632
_d93632